Nachrichtenblatt KLV der Dienststelle KLV - Slowakei (Kinderlandverschickung)

Nemecký mesačník, ktorý bránil záujmy nemeckých lekárov a zdravotné požiadavky nemeckej národnej skupiny na Slovensku.

Bibliographic Details
New Title:Gesundheits-Blätter
Corporate Authors: Beaftragte des Reichsleiter von Schirach für die KLV - Slowakei (Publisher), Slovenská ľudová kníhtlačiareň (Bratislava) (tlač.), Slovenská grafia, úč. spol. (Bratislava, Slovensko)
Other Authors: Hinnerks, Hans (Publishing director), Muths (Publishing director), Ebert (Publishing director)
Format: Journal
Language:German
PhysicalDescription:2 roč. 30 x 22 cm
Published: Bratislava Der Beaftragte des Reichsleiter von Schirach für die KLV - Slowakei 1942-1943
Subjects:

MARC

LEADER 00000nas a22000001a 4500
001 vtls010300239
003 SK-MaSNL
005 20260228162801.0
008 110810d19421943xo mr p r 0 b0ger
015 |a SNBDS17XX9999 
015 |a 0298  |2 Fedor 1939-44 
038 |a SNKBUDS 
040 |a SNK  |b slo  |c SNK  |e AACR2 
041 0 |a ger 
044 |a xo  |c SK 
245 0 0 |a Nachrichtenblatt KLV  |b der Dienststelle KLV - Slowakei (Kinderlandverschickung) 
260 |a Bratislava  |b Der Beaftragte des Reichsleiter von Schirach für die KLV - Slowakei  |c 1942-1943 
300 |a 2 roč.  |c 30 x 22 cm 
310 |a 1x mesačne 
362 0 |a Roč. (I), č. 1 (1942)-roč. (II), č. 5 (15.5.1943) 
500 |a Vych. v Bratislave mesačne (v tiráži: podľa potreby) 
500 |a Zodp. Hans Hinnerks (do 6/1942); Muths (od 7/1942 - do 3/1943); Ebert (4/1943) 
500 |a Vyd. Der Beaftragte des Reichsleiter von Schirach für die KLV - Slowakei 
500 |a Tlač. Slov. ľud. kníhtlač. (do 5/1942); Slov. Grafia (od 6/1942) 
500 |a Vych. do 15. 5. 1943 
505 8 0 |g Roč. ( I.) 1942 7 čís. po 8 s. 
505 8 0 |g Roč. (II.) 1943 5 čís. po 8 s. 
520 |a Nemecký mesačník, ktorý bránil záujmy nemeckých lekárov a zdravotné požiadavky nemeckej národnej skupiny na Slovensku. 
580 |a Pokračoval pod titulom Gesundheits-Blätter, čo bolo vzaté na vedomie výmerom Prez. Polic. riadit. v Bratislave čís. 3314/1943-prez. z 22. 4. 1943 
650 0 7 |a zdravotníctvo  |2 SNKPH  |9 1269 
650 0 7 |a lekári  |2 SNKPH  |9 3195 
655 7 |a zdravotnícke časopisy  |2 SNKBUDS  |9 269303 
700 1 |a Hinnerks, Hans  |4 pbd  |9 272101 
700 0 |a Muths  |4 pbd  |9 272102 
700 0 |a Ebert  |4 pbd  |9 272103 
710 2 |a Beaftragte des Reichsleiter von Schirach für die KLV - Slowakei  |e vydav.  |9 272104 
710 2 |a Slovenská ľudová kníhtlačiareň (Bratislava)  |e tlač.  |9 269340 
710 2 |a Slovenská grafia, úč. spol. (Bratislava, Slovensko)  |9 265810 
785 0 0 |t Gesundheits-Blätter 
852 |a SNK  |b 10000  |h ČSB 1097 
999 |c 8337  |d 10267